Gemeinden von Gmünd - Statistiken

Allgemein
  • Dieses Quiz wurde 290 mal gespielt
  • Das Durchschnittsergebnis liegt bei 13 aus 21
Antworten auf der Karte
Die Antworten werden auf der Karte rot bzw. grün angezeigt, abhängig davon wie oft sie richtig erraten wurden.
 
Antwortstatistiken
Einwohner Gemeinde % Korrekt
5.238 Gmünd
99%
2.192 Litschau
85%
2.629 Weitra
85%
5.356 Schrems
82%
3.882 Heidenreichstein
78%
988 Unserfrau-Altweitra
72%
1.485 Brand-Nagelberg
66%
1.308 Bad Großpertholz
62%
475 Haugschlag
62%
1.078 Amaliendorf-Aalfang
59%
681 Eisgarn
59%
2.205 Großdietmanns
57%
1.389 Hoheneich
55%
1.221 Großschönau
54%
1.074 St. Martin
54%
668 Eggern
53%
721 Moorbad Harbach
53%
1.178 Waldenstein
53%
586 Hirschbach
50%
1.305 Kirchberg am Walde
49%
616 Reingers
49%
Keine übereinstimmenden Quizze gefunden
Verteilung der Resultate
Anzahl Personen mit jedem Resultat
Perzentil nach korrekt beantworteten Fragen
Ihre Resultats-Entwicklung
Sie haben dieses Quiz noch nicht gespielt